| 000 | 01582nam a22003857a 4500 | ||
|---|---|---|---|
| 001 | 322 | ||
| 003 | OSt | ||
| 005 | 20250528074017.0 | ||
| 008 | 250326b |||||||e |||| 00| f eng d | ||
| 020 | _a9788520930830 | ||
| 040 | _bpor | ||
| 041 |
_hfre _apor |
||
| 082 |
_a843 _bS251i |
||
| 100 | 1 |
_aSartre, Jean-Paul, _d1905-1980 _9648 |
|
| 240 | _aL'Âge de Raison | ||
| 245 |
_aA idade da razão / _cSartre, Jean-Paul, ; Tradução de Sérgio Milliet |
||
| 260 |
_aSão Paulo _bAbril _c1972 |
||
| 300 | _a367p. | ||
| 490 | 1 | _aOs Imortais da Literatura Universal | |
| 490 | 1 |
_aTrilogia: Os caminhos da Liberdade _vvol. 01 |
|
| 520 | _aEm Paris, às vésperas da Segunda Guerra Mundial, Mathieu Delarue defende a idéia da liberdade individual, desprezando qualquer tipo de compromisso. A gravidez inesperada da namorada, em meio à crise político-social da época, põe em xeque seus conceitos e os dos que o cercam. E é seu irmão burguês que vai tentar fazê-lo renunciar à rebeldia, abdicando de seus ideais e se entregando à vida burguesa. | ||
| 650 | 0 |
_aLiteratura francesa _9122 |
|
| 650 | 0 |
_aFilosofia _94 |
|
| 650 | 0 |
_aExistencialismo _9217 |
|
| 650 | 0 |
_aBurguesia _9572 |
|
| 650 | 0 |
_aSegunda Guerra Mundial, _9649 |
|
| 650 | 0 |
_aLiberdade individual _9650 |
|
| 650 | 0 |
_aCrise social _9651 |
|
| 655 | 0 |
_aRomance _923 |
|
| 655 | 0 |
_aFicção _922 |
|
| 700 | 1 |
_aMilliet, Sergio, _d1898-1966 _eTRADUTOR _9588 |
|
| 830 |
_aOs Imortais da Literatura Universal _9461 _vvol. 32 |
||
| 830 |
_aTrilogia: Os caminhos da liberdade _9662 _vvol. 01 |
||
| 942 |
_2ddc _n0 _cBK |
||
| 999 |
_c322 _d322 |
||